000 00798nam a2200253Ia 4500
003 OSt
005 20220926025114.0
006 a|||||r|||| 00| 0
007 ta
008 220923b |||||||| |||| 00| 0 eng d
037 _cGeneral Book
040 _aRTL
_cRTL
_beng
041 _2eng
_aeng
082 _aX:89Q1, N9
100 _aKirman Alan Ed.
_9238464
245 0 _aEconomics beyond the millennium
260 _aOxford
_bOxford University Press
_c1999
300 _axii, 357p. Bib chapterwise
_ccm.
490 _aAssociation of Southern European Economic Theorists
650 _aProduction Control
700 _a Gerard varet Louis Andre Ed.
_9331874
942 _hX:89Q1, N9
_cGB
_2CC
999 _c646291
_d646291